Представление документа в формате MARC21

Поле Инд. ПП Название Значение
Тип записи a
Библиографический уровень b
001 Контрольный номер b42fb183283c4bebac54105f3576df72
005 Дата корректировки 20221221120232.1
024 80 a Стандартный номер 10.1088/1361-6471/ac99ce
040 a Служба первич. каталог. Scopus
b Код языка каталог. rus
041 0_ a Код языка текста eng
097 a Костяева О.Г.
100 1_ a Автор Kotikov A. V.
100 1_ a Автор Zemlyakov I. A.
j Принадлежность неизвестного автора к последователям, ученикам, сторонникам, школе и т. д. государственный университет "Дубна"
245 10 a Заглавие Fractional Analytic QCD beyond Leading Order
773 18 t Название источника Journal of Physics G: Nuclear and Particle Physics
b Сведения об издании Institute of Physics and IOP Publishing Ltd.
c United Kingdom
d Место и дата издания 2022
m Специф. данные входит в Scopus;входит в WoS;Входит в ядро РИНЦ;зарубежный журнал;ненулевой импакт-фактор
p J. Phys. G-Nucl. Part. Phys.
q Q1 Scopus 2021
o Прочие индексы scopus 1.39
x ISSN 0954-3899
w Контрольный № источника ef8e195b47054011a70e823af1bdce48
g Прочая информация V. 50 (1). - P. 015001
901 t Тип документа b
952 c Вид литературы статья в журнале